Les 10 villes les plus peuplées du Lot-et-Garonne (47) - Statistiques

Statistiques générales
  • Ce quiz a été pris 79 fois
  • Le résultat moyen est 6 sur 10
Statistiques - réponses
Population Communes % Correct
32 200 Agen
100%
22 000 Villeneuve-sur-Lot
94%
17 400 Marmande
82%
6 900 Nérac
60%
9 500 Tonneins
55%
5 800 Boé
47%
6 400 Bon-Encontre
42%
9 400 Le Passage
42%
5 500 Foulayronnes
18%
6 500 Sainte-Livrade-sur-Lot
16%
Aucun quiz correspondant
Distribution des résultats
% des personnes avec chaque résultat
Percentile par nombre de réponses
Votre historique - résultats
Vous n’avez pas pris ce quiz